Deutsche Erfindungen - Sudden Death - Statistiken

Allgemein
  • Dieses Quiz wurde 123 mal gespielt
  • Das Durchschnittsergebnis liegt bei 4 aus 10
Answers on the Grid
Answers color-coded by a green-red scale on the quiz's grid according to % correct below.
Antibiotika
Aspirin
Automobil
Barcode
Batterie
Beton
Buchdruck
Computer
Dampfmaschine
Dieselmotor
Elektrische Straßenbahn
Fahrrad
Fernsehen
Flugzeug
Fotografie
Glühbirne
GPS
Internet
Kompass
Kühlschrank
LED
Mikrochip
MP3-Format
Nähmaschine
Papier
Röntgenstrahlen
 
Antwortstatistiken
Antwort % Korrekt
Automobil
75%
Buchdruck
68%
Dieselmotor
63%
Aspirin
57%
Röntgenstrahlen
49%
Computer
31%
Fahrrad
19%
MP3-Format
15%
Elektrische Straßenbahn
13%
Kühlschrank
13%
Keine übereinstimmenden Quizze gefunden
Verteilung der Resultate
Anzahl Personen mit jedem Resultat
Perzentil nach korrekt beantworteten Fragen
Ihre Resultats-Entwicklung
Sie haben dieses Quiz noch nicht gespielt